Responses for show #4823 - Wednesday, July 20, 2005

David Madden game 12.

Contestants

[<< previous game]

Ellyn Ritterskamp, a prepress technician and ethics instructor from Charlotte, North Carolina

Oscar Avila, a writer from Chicago, Illinois

David Madden, a student originally from Ridgewood, New Jersey (whose 11-day cash winnings total $269,101)

[next game >>]

Jeopardy! Round responses

COLOMBIA
DISNEY SONG LYRICS
(Alex: You have to identify the film those lyrics were in.)
RESCUE ME!
HARRYs & GARYs
MAGICAL HISTORY TOUR
ANAGRAMS
    $200 5
Bogotá

Ellyn
    $200 6
(David: What is Cinderella?)
(Oscar: What is Sleeping Beauty?)

Snow White and the Seven Dwarfs

DavidOscar
Triple Stumper
    $200 15
hostages

Oscar
    $200 10
(David: Who is Burghoff?)

Harry Morgan

DavidEllyn
    $200 25
(David: Who is Houdini?)

Merlin

DavidEllyn
    $200 30
Tums (for must)

Ellyn
    $400 4
the Amazon

Ellyn
    $400 7
The Lion King

David
    $400 23
Australia

David
    $400 16
the San Diego Chargers

David
    $400 26
David Copperfield

Ellyn
    $400 28
dates (for sated)

David
    $600 3
the Andean Condor

David
    $600 11
Pocahontas

David
    $600 14
Pennsylvania

David
    $600 17
Harry and the Hendersons

Oscar
    $600 27
Prospero

David
    $600 19
asleep (for please)

Triple Stumper
    $800 2
Medellín

David
    $800 12
(Ellyn: What is Beauty and the Beast?)

The Little Mermaid

Ellyn
Triple Stumper
    $800 9
(David: What is decompression?)
...
(Alex: [*], yes. It's from the same root as barometer and decompression is not.)

hyperbaric

DavidOscar
    $800 18
Gary Sinise

David
    $800 8
Penn & Teller

David
    $800 20
Flemish (for himself)

Oscar
    $1000 1
García Márquez

David
    $1000 22
(Oscar: What are The Aristocats?)
...
(Alex: Oh, I remember it so well. Peggy Lee. [*].)

Lady and the Tramp

Oscar
Triple Stumper
    $1000 13
a pike

Triple Stumper
    $1000 21
The Simpsons

Ellyn
    $1000 29
Faust

Ellyn
    $1000 24
Erewhon (for nowhere)

Ellyn

Scores at the first commercial break (after clue 14):

David Oscar Ellyn
$3,600 $600 $0

Scores at the end of the Jeopardy! Round:

David Oscar Ellyn
$6,000 $1,200 $3,800

Double Jeopardy! Round responses

WASHINGTON, D.C.
SOMEBODY WROTE THAT
BIBLICAL QUOTES
THE MATERIAL WORLD
BIOGRAPHIES
THE "BALL" GAME
    $400 24
the Rotunda

Oscar
    $400 27
Orson Welles

Oscar
    $400 14
Moses

David
    $400 28
rubber

Ellyn
    $400 1
Churchill

David
    $400 3
football

David
    $800 19
(David: What is the National Gallery?)
(Alex: Be more specific.)
(David: Um, of Painting?)
(Ellyn: What is the Smithsonian?)
(Oscar: What is the National Corporate Gallery?)
(Alex: No, it's [*]. Had to be very specific on that one.)

the National Gallery of Art

DavidOscarEllyn
Triple Stumper
    $800 18
Butch Cassidy and the Sundance Kid

Oscar
    $800 20
Lazarus

Triple Stumper
    $800 13
Ted Williams

Ellyn
    $800 6
a ball-peen

Ellyn
    $1200 10
the East Room

Triple Stumper
    $1200 15
The Usual Suspects

Oscar
    $1,600 21
(Oscar: Who was Esau?)

Ishmael

Oscar
    $1,600 25
(Oscar: What is mountain?)

wood

Oscar
    $1200 4
(Oscar: Who is Lincoln?)

Stonewall Jackson

DavidOscar
    $1200 5
a puffball

Ellyn
    $1600 9
(David: Who is Willard?)
...
(Alex: It's the Hay-Adams Hotel for [*].)

Henry Adams

David
Triple Stumper
    $1600 16
(Alex: Drop-dead because it is [*].)

Six Feet Under

Triple Stumper
    $1600 22
Magog

David
    $1600 23
(Ellyn: What is silica dust?)

silica gel

Ellyn
Triple Stumper
    $1600 2
(David: Who is Heidegger?)

(Werner) Heisenberg

DavidEllyn
    $1600 7
Ball State

Oscar
    $2000 11
Federal Triangle

Oscar
    $2000 17
Robert Towne

Triple Stumper
    $2000 26
mene, mene, tekel, upharsin

Ellyn
    $2000 12
Nora Joyce

Triple Stumper
    $2000 8
caballero

David

Scores at the end of the Double Jeopardy! Round:

David Oscar Ellyn
$8,000 $2,400 $8,200

[wagering suggestions for these scores]

Final Jeopardy! Round responses

CLASSICAL MUSIC
(Alex: [To David] The "Ode To Joy", "All men will be brothers", you are correct.)
...
(Alex: [To Ellyn] "Ode To Joy" is the reference we made in the clue, but that's only part of the 70-minute 9th Symphony, so your response is incorrect. It's the last movement.)
OscarWhat is Die Fledermaus
$0
DavidWhat is Beethoven's 9th Symphony
$3,000
EllynWhat is Ode To Joy?
$7,801
Beethoven's 9th Symphony

Final scores:

David Oscar Ellyn
$11,000 $2,400 $399
12-day champion: $280,101 2nd place: $2,000 3rd place: $1,000

Game dynamics:

Coryat scores:

David Oscar Ellyn
$8,000 $5,600 $8,200
18 R
(including 1 DD),
7 W
10 R,
6 W
(including 2 DDs)
15 R,
3 W

Combined Coryat: $21,800

The J! Archive is created by fans, for fans. The Jeopardy! game show and all elements thereof, including but not limited to copyright and trademark thereto, are the property of Jeopardy Productions, Inc. and are protected under law. This website is not affiliated with, sponsored by, or operated by Jeopardy Productions, Inc. Join the discussion at JBoard.tv.